Palestinian Diaspora - Statistics

General Stats
  • This quiz has been taken 166 times
  • The average score is 10 of 15
Answer Stats
# Answer % Correct
255,000 United States
99%
630,000 Syria
94%
270,245 Egypt
93%
3,240,000 Jordan
93%
280,245 Saudi Arabia
91%
402,582 Lebanon
90%
80,000 Germany
79%
100,000 Qatar
74%
80,000 Kuwait
73%
59,000 Brazil
65%
500,000 Chile
58%
120,000 Mexico
55%
70,000 El Salvador
21%
250,000 Honduras
19%
200,000 Guatemala
18%
No matching quizzes found
Score Distribution
Percent of People with Each Score
Percentile by Number Answered
Your Score History
You have not taken this quiz